LEADER 01701nam0 2200373 i 450 001 RAV0196693 005 20251003044327.0 010 $a8871871804 020 $aIT$b93-2145 100 $a20140930d1992 ||||0itac50 ba 101 | $aita 102 $ait 181 1$6z01$ai $bxxxe 182 1$6z01$an 200 1 $aGioielli bambole coltelli$eviaggio de Il sole 24 ore nei distretti produttivi italiani$fa cura di Marco Moussanet e Luca Paolazzi$gprefazione di Gianni Locatelli$gtesti di Marzio Bellaci ... \et al.!$gcommenti di Giacomo Becattini e Fabio Nuti 210 $aMilano$cIl sole 24 ore$d1992 215 $aXIII, 529 p.$d23 cm. 225 | $aMondo economico$v3 410 0$1001RAV0186989$12001 $aMondo economico$v3 676 $a338.0945$9PRODUZIONE. Italia$v21 676 $a338.6$9ORGANIZZAZIONE DELLA PRODUZIONE$v12 676 $a338.60945$9ORGANIZZAZIONE DELLA PRODUZIONE. Italia$v21 702 1$aPaolazzi$b, Luca$3BVEV008619 702 1$aMoussanet$b, Marco$3RAVV076928 702 1$aBellaci$b, Marzio$3RAVV076929 801 3$aIT$bIT-000000$c20140930 850 $aIT-BN0095 $aIT-NA0695 901 $bNAP PG$cBIBLIOTECA$n$ 901 $bNAP 01$cPOZZO LIB.$nVi sono collocati fondi di economia, periodici di ingegneria e scienze, periodici di economia e statistica e altri fondi comprendenti documenti di economia pervenuti in dono. 912 $aRAV0196693 950 0$aBiblioteca Centralizzata di Ateneo$c1 v.$d 01POZZO LIB.ECON MON 5813$e 0101 0600207795E VMA 1 v.$fB $h20210408$i20210408 977 $a 01$a PG 996 $aGioielli, bambole, coltelli$9196218 997 $aUNISANNIO